Juan XXIII. Retrato eclesiológico.

Salvato in:
Dettagli Bibliografici
Autore principale: Marín de San Martín, Luis, O.S.A (autor)
Natura: Libro
Lingua:inglese
Pubblicazione: Barcelona, España: Herder, 1998.
Soggetti:
Tags: Aggiungi Tag
Nessun Tag, puoi essere il primo ad aggiungerne!!

MARC

LEADER 00000nam a22000007a 4500
003 CL-VaPUC
005 20231106130410.0
008 231031t1998 ||||| |||| 00| 0 eng d
999 |c 442230  |d 442228 
020 |a 84-254-2063-6 
040 |c Pontificia Universidad Católica de Valparaíso 
082 |2 22  |a 922.21 MAR 1998 
100 |9 885440  |a Marín de San Martín, Luis,  |c O.S.A  |e autor 
245 |a Juan XXIII.   |b Retrato eclesiológico. 
260 |a Barcelona, España:  |b Herder,  |c 1998. 
300 |a 478 páginas. 
500 |a c.1 Donación Sr. Jorge Precht Pizarro. 26-05-23. Biblioteca Teología. 
583 |c 20231031  |k Yessy Sthefany Diaz Vidal 
600 0 |9 880935  |a Juan XXIII,  |c Papa  |d 1881-1963  |x Biografía  |v Pensamientos, discursos, encíclicas, etc.  
650 0 |9 258738  |a Papas  |x Iglesia Católica  |y Siglo 20 
942 |2 ddc  |c BK 
952 |0 0  |1 0  |2 ddc  |4 0  |6 922_210000000000000_MAR_1998  |7 0  |8 A  |9 592209  |a BIBTEO  |b BIBTEO  |c GEN  |d 2023-10-31  |e Donación   |i 5659214  |o 922.21 MAR 1998  |p 5659214  |r 2025-01-17  |t 1  |w 2023-10-31  |y BK  |k ICR